Statistics for Whos that pokemon

Click here to take the quiz!

General Stats

  • This quiz has been taken 15 times
  • The average score is 5 of 16

Answer Stats

Answer% Correct
pichu
87%
mew
73%
charmander
67%
Bulbasaur
60%
Charizard
47%
Cubone
47%
Munchlax
40%
vulpix
40%
mewto
27%
mimiku
13%
espreon
0%
jalteon
0%
pickichu
0%
ralet
0%
sqwitle
0%
vaperon
0%

Score Distribution

Percentile by Number Answered

Percent of People with Each Score

Your Score History

You have not taken this quiz